00432 2200157 4500001002100000008004100021035002000062245006500082100001700147260003200164300002200196020002200218084001400240082000800254990001200262INLIS000000000002865 IND  a0010-0925000212 aJika Benar Cinta: Saat Cinta Menyisakan TraumacAida Assyifa aAida Assyifa aJakartabRumah Oranyec2014 a260c(13 x 19 cm) a978-602-1588-45-1 a813 AID j a813 a0755087